| 000 | 00608nam a2200169Ia 4500 | ||
|---|---|---|---|
| 999 |
_c10648 _d10648 |
||
| 082 | _aTA.0267 | ||
| 100 | _aAnuradha, A. | ||
| 245 | 0 | _aAnalysis of inter-state industrial development in India (1970-71 To 1992-93) | |
| 260 |
_c1997 _bOsmania University, Hyderabd |
||
| 300 | _a313 | ||
| 504 | _aincludes bibliography | ||
| 650 |
_aincludes bibliography _vndia _z1970-71 - 1992-93 _zEconomic conditions _zRegional disparitie |
||
| 650 |
_aIndia _vEconomic conditions _vRegional disparities _z1970-71 - 1992-93 |
||
| 650 |
_aIndustries _vIndia _z1970-71 - 1992-93 |
||
| 710 | _aRao, A.V.V.S.K. | ||
| 942 |
_cTH _2ddc |
||